The non-randomness of municipal government reorganization: Evidence from village dissolution in New York (Record no. 512860)

000 -LEADER
fixed length control field 01654nam a22001457a 4500
008 - FIXED-LENGTH DATA ELEMENTS--GENERAL INFORMATION
fixed length control field 191224b ||||| |||| 00| 0 eng d
100 ## - MAIN ENTRY--PERSONAL NAME
Personal name Zhang, Prngju
245 ## - TITLE STATEMENT
Title The non-randomness of municipal government reorganization: Evidence from village dissolution in New York
260 ## - PUBLICATION, DISTRIBUTION, ETC. (IMPRINT)
Name of publisher, distributor, etc American Review of Public Administration
300 ## - PHYSICAL DESCRIPTION
Extent 49(8), Nov, 2019: p.914-930.
520 ## - SUMMARY, ETC.
Summary, etc Municipal government dissolution used to be a rare occurrence in American history and has thus far received little attention in the literature. More than 300 of municipal governments, however, have dissolved since the mid-1990s. To understand this emerging momentum in practice and to fill the gap in literature, this article focuses on the increasing trend of village dissolution in New York, builds an analytical framework, and investigates the driving forces behind the possibility of dissolution, which is measured either by the presence of any dissolution-related activity or by the passage of a dissolution referendum. Based on a representative survey sample and a rich set of secondary data, this article consistently finds that dissolution does not randomly occur. Rather, dissolution is more likely to be considered and approved in a village where the economy struggles, the population declines, political trust undermines, and fiscal health deteriorates. In other words, the research suggests dissolution may not be as appealing or take place in economically strong and politically dynamic areas. - Reproduced.
773 ## - HOST ITEM ENTRY
Main entry heading American Review of Public Administration
906 ## - LOCAL DATA ELEMENT F, LDF (RLIN)
Subject DIP Municipal government - United States - New York
942 ## - ADDED ENTRY ELEMENTS (KOHA)
Source of classification or shelving scheme
Item type Articles
Holdings
Withdrawn status Lost status Source of classification or shelving scheme Damaged status Not for loan Permanent location Current location Date acquired Serial Enumeration / chronology Barcode Date last seen Koha item type
          Indian Institute of Public Administration Indian Institute of Public Administration 2019-12-24 49(8), Nov, 2019: p.914-930. AR122189 2019-12-24 Articles

Powered by Koha